Catálogo
 En Linea

20 Retratos del general José Antonio Paez / (Registro nro. 19760)

Detalles MARC
000 -CABECERA
campo de control de longitud fija 00701nam a2200193 a 4500
001 - NÚMERO DE CONTROL
campo de control 000020256
005 - FECHA Y HORA DE LA ÚLTIMA TRANSACCIÓN
campo de control 20200929170332.0
008 - DATOS DE LONGITUD FIJA--INFORMACIÓN GENERAL
campo de control de longitud fija 100802s1972 ve ac 000 0 spa d
040 ## - FUENTE DE LA CATALOGACIÓN
Centro catalogador/agencia de origen DO-SdBNP
Lengua de catalogación spa
Centro/agencia transcriptor BNPHU
082 ## - NÚMERO DE LA CLASIFICACIÓN DECIMAL DEWEY
Número de clasificación XXXX
Número de documento/Ítem xxxx
100 1# - ENTRADA PRINCIPAL--NOMBRE DE PERSONA
Nombre de persona Boulton, Alfredo
9 (RLIN) 6765
245 10 - MENCIÓN DE TÍTULO
Título 20 Retratos del general José Antonio Paez /
Mención de responsabilidad, etc. Alfredo Boulton ; aportación gráfica Diego Bosque García.
246 ## - FORMA VARIANTE DE TÍTULO
Título propio/Titulo breve Veinte retratos del general José Antonio Paez
260 ## - PUBLICACIÓN, DISTRIBUCIÓN, ETC.
Lugar de publicación, distribución, etc. Caracas, Venezuela :
Nombre del editor, distribuidor, etc. Cromotip,
Fecha de publicación, distribución, etc. 1972.
300 ## - DESCRIPCIÓN FÍSICA
Extensión 104 p. :
Otras características físicas il., retrs. ;
Dimensiones 30 cm.
504 ## - NOTA DE BIBLIOGRAFÍA, ETC.
Nota de bibliografía, etc. Bibliografía p: 99 - 102
590 ## - NOTA LOCAL (RLIN)
Nota local La biblioteca posee un ejemplar dedicado.
700 12 - PUNTO DE ACCESO ADICIONAL--NOMBRE DE PERSONA
Nombre de persona Bosque García, Diego
Término indicativo de función/relación il.
9 (RLIN) 42874
Existencias
Estado de retiro Estado de pérdida Restricciones de uso No para préstamo Código de colección Localización permanente Ubicación/localización actual Ubicación en estantería Fecha de adquisición Número de inventario Total de préstamos Signatura topográfica completa Código de barras Fecha visto por última vez Precio válido a partir de Tipo de ítem Koha
      Excluido de préstamo Monografías: Libros y Folletos General General En catalogación 24.03.2017 LF1   XXXX xxxx 20256-10 25.06.2020 25.06.2020 No se presta

Con tecnología Koha